Disciplines équestres - Statistiques

Statistiques générales
  • Ce quiz a été pris 106 fois
  • Le résultat moyen est 8 sur 18
Statistiques - réponses
Réponse % Correct
CSO
100%
Dressage
99%
CCE
87%
voltige
57%
TREC
51%
polo
50%
attelage
44%
horseball
43%
pony games
43%
hunter
40%
endurance
35%
courses de galop
25%
courses de trot
25%
travail à pied
21%
tir à l'arc à cheval
18%
ski joering
9%
barrel racing
6%
reining
6%
Aucun quiz correspondant
Distribution des résultats
% des personnes avec chaque résultat
Percentile par nombre de réponses
Votre historique - résultats
Vous n’avez pas pris ce quiz